Hamiltonian structure and Lyapunov stability for ideal continuum dynamics /
Guardado en:
| Autor Principal: | |
|---|---|
| Otros Autores: | , |
| Formato: | Libro |
| Idioma: | English |
| Publicado: |
Montréal, Québec, Canada :
Presses de l'Université de Montréal,
1986.
|
| Series: | Séminaire de mathématiques supérieures ;
100 |
| Materias: | |
| Etiquetas: |
Agregar Etiqueta
Sin Etiquetas, Sea el primero en etiquetar este registro!
|
| LEADER | 01246cam a2200289 a 4500 | ||
|---|---|---|---|
| 001 | MAT.inmabb005980 | ||
| 008 | 870901s1986####quca#####b####000#0#eng## | ||
| 005 | 20170619113831.0 | ||
| 245 | 1 | 0 | |a Hamiltonian structure and Lyapunov stability for ideal continuum dynamics / |c D.D. Holm, J.E. Marsden, T.S. Ratiu. |
| 260 | |a Montréal, Québec, Canada : |b Presses de l'Université de Montréal, |c 1986. | ||
| 300 | |a 208 p. : |b il. ; |c 28 cm. | ||
| 440 | 0 | |a Séminaire de mathématiques supérieures ; |v 100 | |
| 504 | |a Incluye referencias bibliográficas. | ||
| 505 | 0 | |a The Hamiltonian structure of continuum mechanics in material, inverse material, spatial, and convective representations / D.D. Holm, J.E. Marsden, T.S. Ratiu -- Lyapunov stability of ideal compressible and incompressible fluid equilibria in three dimensions / D.D. Holm. | |
| 510 | 4 | |a MR, |c 87g:58044 | |
| 020 | |a 2760607712 (pbk.) | ||
| 100 | 1 | |a Holm, Darryl D. | |
| 700 | 1 | |a Marsden, Jerrold E. | |
| 700 | 1 | |a Ratiu, Tudor S. | |
| 084 | |a 58F05 |2 MR | ||
| 650 | 0 | |a Continuum mechanics. | |
| 650 | 0 | |a Hamiltonian systems. | |
| 650 | 0 | |a Fluid dynamics. | |
| 650 | 0 | |a Lyapunov stability. | |
| 010 | |a 86229362 | ||
| 040 | |a DLC |c DLC |d DLC | ||
| 859 | |h 58 |i H747 |p A-6067 |b BIB. MATEMATICA | ||
